00342pab a2200121 454500008004000000100002000040245006700060260000900127300001000136362001400146650003200160773002800192180718b1983 xxu||||| |||| 00| 0 eng d aGhatpande, S.M. aThe role of Nigerian cooperative banks in agricultural finance c1983 a35-41 aJan.-Mar. aCooperative Banks - Nigeria aCooperative Perspective